000 00470nam a2200181Ia 4500
005 20250508154915.0
008 008 250505s9999 xx 000 0 eng d
037 _aTextual
040 _aFEDL
_beng
_cFEDL
041 _aeng
_2eng
084 _aB, HUX
_qFEDL
100 _aClark Ronald W
_9602761
245 0 _aHuxleys
260 _aLondon, UK
_bWilliam Heinemann Ltd.
_c1968
300 _axvi,398p.
942 _cTEXL
_hB, HUX
999 _c1352749
_d1352749